Aplicación de la espectrofotometria infrarroja con las trasformada rapida de fourier al estudio de la transferencia de la masa inducida por gradientes de temperaturas y materiales
El trabajo consiste en la aplicación de la espectrofotometría infrarroja con transformada rápidade fourier a un ejempli especifico de tranferencia de masa para determinar el reordenamiento de concentraciones de un sistema lechoso y poroso.
| Main Author: | |
|---|---|
| Other Authors: | |
| Format: | Tesis Section = Libro |
| Language: | Undetermined Spanish |
| Published: |
Managua
UNI
1991
|
| Subjects: |
| LEADER | 00948nam a2200193Ia 4500 | ||
|---|---|---|---|
| 008 | 240830s9999 xx 000 0 und d | ||
| 040 | |a CEDOC DACA-RUSB / Mon 543.0873 V422 | ||
| 041 | |a spa | ||
| 082 | |a Mon 543.0873 V422 | ||
| 100 | 1 | |a Vega Mayorga, Sergio Iván. | |
| 245 | 1 | 0 | |a Aplicación de la espectrofotometria infrarroja con las trasformada rapida de fourier al estudio de la transferencia de la masa inducida por gradientes de temperaturas y materiales |
| 260 | |a Managua |b UNI |c 1991 | ||
| 502 | |a Tesis (Ingeniero Químico) -UNI, 1991. | ||
| 520 | 3 | |a El trabajo consiste en la aplicación de la espectrofotometría infrarroja con transformada rápidade fourier a un ejempli especifico de tranferencia de masa para determinar el reordenamiento de concentraciones de un sistema lechoso y poroso. | |
| 650 | 7 | |a METODOS ESPECTROGRAFICOS DE MASAS | |
| 700 | 1 | |a Tutor: |b Martínez, Juaquín. | |
| 942 | |c BK |2 ddc | ||
| 991 | |a TESIS | ||
| 999 | |c 26155 | ||